000 00646nam a22002177a 4500
999 _c5170
_d5170
003 AR-CdUCM
008 190312b ||||| |||| 00| 0 spa d
040 _aMUNICIPALIDAD PROVINCIAL DEL CUSCO
_cBIBLIOTECA MUNICIPAL DEL CUSCO
082 _a869.56 /
_bD16
100 _aDammert Ego-Aguirre, Manuel
_915698
245 _aTribulaciones /
260 _aLima :
_bEds. del Pirata Solitario,
_c1987.
300 _a62 paginas ;
_c20 cm.
500 _aDonación familia Nieto
505 _aContenido :Poesías /
650 _aLiteratura peruana
_9169
650 _aPoesías
_92272
650 _aSiglo XX
_98
942 _2ddc
_cLIBROS
945 _arjall